|
|
|
|
| LEADER |
01274nam a2200265 a 4500 |
| 001 |
GR-Patra13903 |
| 008 |
001108s1991 gr e 000 0 gre d |
| 040 |
|
|
|a GrPaTEI
|b gre
|c GR-PaULI
|
| 040 |
|
|
|a GrPaTEI
|b gre
|c GR-PaULI
|
| 082 |
|
0 |
|a 537
|2 21
|
| 245 |
0 |
0 |
|a Ηλεκτρομαγνητισμός :
|b λυμένα θέματα και στοιχεία θεωρίας /
|c Γιάννης Γκαρούτσος.
|
| 260 |
|
|
|a Αθήνα :
|b Spin,
|c 1991
|
| 300 |
|
|
|a 300σ.
|
| 500 |
|
|
|a Για τους σπουδαστές Ανωτάτων Σχολών
|
| 650 |
|
4 |
|a ΕΠΑΓΩΓΗ
|
| 650 |
|
4 |
|a ΗΛΕΚΤΡΙΚΑ ΠΕΔΙΑ
|
| 650 |
|
4 |
|a ΗΛΕΚΤΡΟΜΑΓΝΗΤΙΣΜΟΣ
|
| 650 |
|
4 |
|a ΜΑΓΝΗΤΙΚΑ ΠΕΔΙΑ
|
| 700 |
1 |
|
|a Γκαρούτσος, Γιάννης Β.
|
| 710 |
0 |
|
|a SPIN
|
| 942 |
|
|
|2 ddc
|
| 952 |
|
|
|0 0
|1 0
|2 ddc
|4 0
|6 537_000000000000000_ΓΚΑ
|7 0
|9 292926
|a LISK
|b LISK
|c BSC
|d 2021-01-17
|e 24
|f 0
|g 0.00
|l 0
|o 537 ΓΚΑ
|p 92410017948
|r 2021-01-17 00:00:00
|t 1
|w 2021-01-17
|y BK15
|x 20001108 0 1
|x GrPaTEI
|
| 952 |
|
|
|0 0
|1 0
|2 ddc
|4 0
|6 537_000000000000000_ΓΚΑ
|7 0
|9 292927
|a LISK
|b LISK
|c BSC
|d 2021-01-17
|e 24
|f 2
|g 0.00
|l 0
|o 537 ΓΚΑ
|p 92410017949
|r 2021-01-17 00:00:00
|t 1
|w 2021-01-17
|y BK15
|x 20001108 0 1
|x GrPaTEI
|
| 971 |
|
|
|a .b26614182
|b 16-04-20
|c 23-09-16
|
| 999 |
|
|
|c 171214
|d 171214
|